| 000 | 00973nam a2200277Ia 4500 | ||
|---|---|---|---|
| 001 | Para_2860 | ||
| 003 | CHAP | ||
| 008 | 220125s1988 xx 000 0 und d | ||
| 010 | _a201375 | ||
| 040 | _cCHAP | ||
| 090 | _aPA TESIS 485 | ||
| 100 |
_aGutiérrez González, Gustavo _951711 |
||
| 245 |
_aEnfermedades fungosas del rosal (Rosa sp.) de invernadero, jardin y campo / _c por Gustavo Gutiérrez González |
||
| 260 |
_aChapingo, Méx. : _b El autor |
||
| 300 | _a127 h. | ||
| 502 | _aTesis (Ing. Agr. Esp. en Parasitología Agrícola) -- UACh. Departamento de Parasitología Agrícola | ||
| 650 |
_aRosas _x Enfermedades Plantas _x Enfermedades por hongos Cultivos en invernaderos _9166284 |
||
| 710 |
_aUACh. Departamento de Parasitología Agrícola _9115877 |
||
| 901 | _aPA TESIS 485 | ||
| 902 | _aA | ||
| 905 | _a0000001988 CHA 0000000000 00 | ||
| 910 | _a1988 | ||
| 942 | _cPARA | ||
| 942 |
_cPARA _d1 |
||
| 999 |
_c201375 _d201375 |
||